00282nam a2200097Ia 4500008004100000100001400041245007300055250000800128260004000136300000800176191201s2008 xx 000 0 und d aCHOG, OMP 0aTopic in mathematics,calfulation and ordinary differential equations a4th c2008bLaxmi PublicationsaNEW DELHI a496